Účtovné jednotky podľa zákona o účtovníctve

Základnou právnou normou z oblasti účtovníctva je zákon č. 431/2002 Z. z. o účtovníctve v z. n. p., ktorý upravuje rozsah, spôsob a preukázateľnosť vedenia účtovníctva, účtovnej závierky a register účtovných závierok.

Gespeichert in:
Bibliographische Detailangaben
1. Verfasser: Novotná, Ľudmila
Format: Buchkapitel
Sprache:Slowakisch
Schlagworte:
Tags: Tag hinzufügen
Keine Tags, Fügen Sie das erste Tag hinzu!

MARC

LEADER 00000naa a2200000 4500
001 0296845
005 20240417075251.6
041 0 |a slo 
044 |a SK 
245 1 0 |a Účtovné jednotky podľa zákona o účtovníctve  |c Ľudmila Novotná 
520 |a Základnou právnou normou z oblasti účtovníctva je zákon č. 431/2002 Z. z. o účtovníctve v z. n. p., ktorý upravuje rozsah, spôsob a preukázateľnosť vedenia účtovníctva, účtovnej závierky a register účtovných závierok. 
610 2 0 |a účtovníctvo 
610 2 0 |a jednotka účtovná 
610 2 0 |a osoby fyzické 
610 2 0 |a osoby právnické 
610 2 0 |a družstvá 
610 2 0 |a závierka účtovná 
610 2 0 |a zákony 
100 1 |a Novotná, Ľudmila